000
00342nam a22001457a 4500
020
_a
978-8185873282
041
_a
ENG
100
_a
Choudhary.M.L
245
_a
Micro- Irrigation For Cash Crops
260
_a
New Delhi
_b
Westville Publishing House
_c
2006
300
_a
162
650
_a
IDE
700
_a
Kadam .U.S
856
_u
IDE ( 5 )
999
_c
1562
_d
1562